Sports Quiz

Random Sports or Baseball Quiz
Score 0/24 Timer 07:00
1 Play Today
% Correct
Steroids
89.6%
Bicycle
89.3%
Swimming
89.2%
Marathon
88.4%
Denver Broncos
88.1%
Figure Skate
87.7%
Cut
87.7%
Cartwheeling
87%
Sand Wedge
87%
Dorothy Hamill
86.4%
5-7-10 Split
85.4%
Boxing
84.8%
% Correct
Soccer
84.1%
Kung Fu
83.9%
Softball
83%
Wrestling
82.8%
Face-Plant
82.4%
Nunchucks
82.4%
Steinbrenner
82.3%
Jockstrap
81.1%
Foxy Boxing
79.9%
Showboating
78.9%
Hockey
76.6%
Tennis
75.1%

You're not logged in!

Compare scores with friends on all Sporcle quizzes.
OR
Log In

Sporcle TV

Today on Sporcle TV


Watch our educational content, quiz creation guides, and fun videos on Sporcle TV.

Show Comments

Extras

Top Quizzes Today


Score Distribution

Paid Content

Your Account Isn't Verified!

In order to create a playlist on Sporcle, you need to verify the email address you used during registration. Go to your Sporcle Settings to finish the process.

Report this User

Report this user for behavior that violates our Community Guidelines.

Details: